Loading...
| 2 | 3 | 0 | 2 | 60 | 51 | 94.00 | 3 | 3 | 0.00 | 0.00 | |
| Beliefs | 1 | 3 | 0 | 0 | 45 | 51 | 79.00 | 2 | 4 | 0.00 | 0.00 |
| Science - Biology | 2 | 1 | 0 | 0 | 40 | 80 | 89.00 | 0 | 3 | 0.00 | 0.00 |
| Other Arts: Visual | 1 | 2 | 0 | 1 | 35 | 50 | 102.00 | 1 | 2 | 0.00 | 0.00 |
| Science - Physics | 0 | 3 | 1 | 1 | 25 | 71 | 98.00 | 0 | 2 | 0.00 | 0.00 |
| Science - Chemistry | 0 | 2 | 0 | 0 | 20 | 82 | 89.00 | 1 | 2 | 0.00 | 0.00 |
| Literature - European | 0 | 2 | 0 | 2 | 20 | 135 | 138.00 | 0 | 1 | 0.00 | 0.00 |
| Philosophy | 1 | 1 | 1 | 0 | 20 | 50 | 62.50 | 1 | 2 | 0.00 | 0.00 |
| Chemistry> | 0 | 2 | 0 | 0 | 20 | 116 | 125.50 | 1 | 2 | 0.00 | 0.00 |
| Other Science: Earth Science | 0 | 2 | 1 | 0 | 15 | 83 | 93.00 | 1 | 2 | 0.00 | 0.00 |
| Social Science | 1 | 0 | 0 | 0 | 15 | 41 | 41.00 | 1 | 1 | 0.00 | 0.00 |
| History - American | 0 | 2 | 1 | 0 | 15 | 77 | 88.00 | 1 | 2 | 0.00 | 0.00 |
| Fine Arts - Auditory | 1 | 0 | 0 | 0 | 15 | 63 | 63.00 | 1 | 1 | 0.00 | 0.00 |
| Other Science: Math | 1 | 0 | 0 | 0 | 15 | 59 | 59.00 | 0 | 1 | 0.00 | 0.00 |
| Other Arts: Auditory | 0 | 1 | 0 | 0 | 10 | 102 | 102.00 | 0 | 1 | 0.00 | 0.00 |
| History - World | 1 | 0 | 1 | 0 | 10 | 54 | 54.00 | 1 | 1 | 0.00 | 0.00 |
| Literature - American | 0 | 2 | 2 | 0 | 10 | 78 | 83.00 | 0 | 2 | 0.00 | 0.00 |
| Current Events | 0 | 1 | 1 | 1 | 5 | 157 | 157.00 | 0 | 0 | 0.00 | 0.00 |
| Other Academic | 0 | 1 | 1 | 1 | 5 | 132 | 132.00 | 0 | 0 | 0.00 | 0.00 |
| Geography | 0 | 0 | 1 | 0 | -5 | 0.00 | 0 | 0 | 0.00 | 0.00 | |
| Fine Arts - Visual | 0 | 1 | 3 | 0 | -5 | 85 | 85.00 | 0 | 1 | 0.00 | 0.00 |